000 01441nam a2200229Ia 4500
999 _c37781
_d37781
001 3758
003 GE_BSU
005 20190813151623.0
008 181216s1984||||ge |||||||||||||| ||geo||
040 _cGE_BSU
041 _ageo
080 _a016:551.5 დ–47
245 _aთეოფანე დავითაია :
_bბიობიბლიოგრაფია /
_cსაქ. სსრ მეცნ. აკად., ცენტრ. სამეცნ. ბიბ-კა ; შემდგ. ე. ელიოზიშვილი ; რედ.: რ. კვერენჩხილაძე, ნ. გურგენიძე ; ბიბლიოგრ. რედ. თ. ნაკაშიძისა ; წინასიტყვ. ავტ.: მ. ბუდიკო, ი. გოლცბერგი
264 _aთბილისი :
_bმეცნიერება,
_c1984.
300 _a155 გვ. ;
_b21 სმ.
490 _aბიობიბლიოგრ. სერია "ქართველი მეცნიერები"
600 _aდავითაია თეოფანე
_93426
653 _aდავითაია თეოფანე - ბიობიბლიოგრაფია
700 _aელიოზიშვილი, ე.
_eშემდგენელი
_93542
700 _aკვერენჩხილაძე, რ.
_eრედაქტორი
_93543
942 _cBK
_2udc